Derecho al trabajo y proceso de amparo

Detalles Bibliográficos
Autor principal: Castillo Cr̤dova, Luis
Formato: eBook
Lenguaje:español
Publicado: Lima: Palestra Editores, 2017
Materias:
Acceso en línea:Acceso restringido

MARC

LEADER 00000nam a22000007a 4500
005 2019081506566.0
007 cr|||| ||||
008 190815s2017 pe |||||s|||| 00||0 spa d
020 |a 978-612-4218-74-3 
035 |a 24066 
040 |a vLex 
090 |c 9198  |d 9198 
100 1 |a Castillo Cr̤dova, Luis 
245 1 0 |a Derecho al trabajo y proceso de amparo  |h [Recurso electrn̤ico] /  |c Luis Castillo Cr̤dova 
256 |a Servicio en ln̕ea 
260 |a Lima:  |b Palestra Editores,  |c 2017 
300 |a 1 recurso electrn̤ico 
506 1 |a Disponible solo en los productos indicados  |d vLex Global  |d vLex Global (Academic Edition, excluding Law Schools)  |d vLex Global (U.S. Academic Edition, Law Schools)  |d vLex Global (U.S. Academic Edition, excluding Law Schools)  |d vLex Global (Academic Edition, Law Schools) 
650 0 4 |a Derecho Laboral y Seguridad Social  |z Per︢ 
740 0 |a vLex Libros (Servicio en ln̕ea) 
856 4 0 |u http://vlex.com/source/derecho-trabajo-proceso-amparo-24066  |z Acceso restringido 
942 |c BOOK 
999 0 |a Labor law and social security